| 000 | 00438cam a2200181ua 4500 | ||
|---|---|---|---|
| 020 |
_a81-237-0642-1 _c33.00 |
||
| 041 |
_aeng _h |
||
| 082 |
_a551.6 _bMEN/WA |
||
| 100 | _aMenon, P A . | ||
| 245 |
_aWays of the weather / _cP A Menon. _hTextual Documents |
||
| 250 |
_a1 / _b. |
||
| 260 |
_aIndia : _bNational Book Trust , _c1995. |
||
| 300 | _a104 ; . | ||
| 365 | _a33.00 | ||
| 504 | _a | ||
| 942 | _cBK | ||
| 999 |
_c9609 _d9609 |
||